000 00368nam a2200145Ia 4500
008 210716s1996 xx 000 0 und d
041 _aeng
082 _a004 MADN
100 _aMadan, N.
245 _aText book of computer science.
250 _a1
260 _aNew Delhi
_bHimalaya Publishing House
_c1996
300 _axxiv,246
650 _aComputer Fundamentals
999 _c180979
_d180979